Jasné demokratické, proreformné smerovanie s predsedom Vlády SR Mikulášom Dzurindom pre HN a české HN

Bibliographic Details
Main Authors: Podstupka, Ivan (ain), Dzurinda, Mikuláš, 1955- (Author)
Format: Article
Language:Slovak
PhysicalDescription:Fotogr.
ISSN:1335-4701
Subjects:

MARC

LEADER 00000nab a2200000 a 4500
001 vtls000777818
003 SK-MaSNL
005 20260302152839.0
008 140301c2001 xo 0 slo
015 |a SNBRB2001/12-35448 
035 |a CLN000129599 
040 |a SNKBUCL  |b slo  |c SNKBUCL  |e AACR2 
041 0 |a slo 
044 |a xo  |c SK 
080 |a 328.1(437.6)  |2 1997 
100 1 |a Podstupka, Ivan  |4 ain  |9 275288 
245 1 0 |a Jasné demokratické, proreformné smerovanie  |b s predsedom Vlády SR Mikulášom Dzurindom pre HN a české HN  |c Ivan Podstupka 
300 |b Fotogr. 
610 7 |a Slovensko  |b Vláda  |y 2000  |2 snkbucl  |9 18371 
655 7 |a články z novín a časopisov  |2 snkbucl  |9 267496 
700 1 |a Dzurinda, Mikuláš,  |d 1955-  |4 aut  |9 192399 
773 0 |t Hospodárske noviny  |g Roč. 9, č. 208 (26.-28.10.2001), s. 1 a 4  |x 1335-4701 
850 |a Slovenská národná knižnica v Martine 
852 |a SNK  |b KIS3GCP 
958 |a SK 
992 |a RBX 
999 |c 1363669  |d 1365599